[Event "ODJM B 2023"]
[Site "Willingen GER"]
[Date "2023.06.02"]
[Round "8"]
[White "Morio, Estelle"]
[Black "Götz, Timon"]
[Result "1/2-1/2"]
[Termination "normal"]
[Board "9"]
[WhiteElo "1792"]
[BlackElo "1570"]
[WhiteClock "00:06:56"]
[BlackClock "00:46:37"]
[PlyCount "60"]
[WhiteFideId "12951951"]
[BlackFideId "16245040"]
[EventCountry "GER"]
[EventRounds "9"]
[EventType "swiss"]
[EventDate "2023.05.27"]

1. d4 {[%clk 01:30:58]} {[%emt 00:00:01]} Nf6 {[%clk 01:30:53]} {[%emt
00:00:06]} 2. Nf3 {[%clk 01:31:23]} {[%emt 00:00:05]} g6 {[%clk 01:31:15]}
{[%emt 00:00:09]} 3. g3 {[%clk 01:31:49]} {[%emt 00:00:04]} Bg7 {[%clk
01:31:32]} {[%emt 00:00:13]} 4. Bg2 {[%clk 01:32:16]} {[%emt 00:00:03]} c5
{[%clk 01:31:33]} {[%emt 00:00:29]} 5. e3 {[%clk 01:29:38]} {[%emt 00:03:08]}
O-O {[%clk 01:30:58]} {[%emt 00:01:05]} 6. O-O {[%clk 01:30:01]} {[%emt
00:00:08]} d6 {[%clk 01:29:55]} {[%emt 00:01:32]} 7. b3 {[%clk 01:26:56]}
{[%emt 00:03:35]} Nbd7 {[%clk 01:25:55]} {[%emt 00:04:29]} 8. Bb2 {[%clk
01:26:22]} {[%emt 00:01:05]} Rb8 {[%clk 01:25:45]} {[%emt 00:00:40]} 9. c4
{[%clk 01:26:03]} {[%emt 00:00:49]} a6 {[%clk 01:24:51]} {[%emt 00:01:24]} 10.
Nbd2 {[%clk 01:20:04]} {[%emt 00:06:29]} b5 {[%clk 01:24:14]} {[%emt 00:01:07]}
11. Qc2 {[%clk 01:15:08]} {[%emt 00:05:27]} Bb7 {[%clk 01:21:31]} {[%emt
00:03:12]} 12. Rfe1 {[%clk 01:11:38]} {[%emt 00:04:00]} e6 {[%clk 01:18:35]}
{[%emt 00:03:25]} 13. Rad1 {[%clk 01:05:53]} {[%emt 00:06:15]} Qc7 {[%clk
01:17:27]} {[%emt 00:01:39]} 14. dxc5 {[%clk 00:55:14]} {[%emt 00:11:08]} dxc5
{[%clk 01:10:13]} {[%emt 00:07:44]} 15. Rc1 {[%clk 00:45:29]} {[%emt 00:10:17]}
Rfc8 {[%clk 01:09:39]} {[%emt 00:01:03]} 16. Red1 {[%clk 00:45:14]} {[%emt
00:00:45]} Bc6 {[%clk 01:08:33]} {[%emt 00:01:36]} 17. Ne1 {[%clk 00:40:30]}
{[%emt 00:05:15]} Bxg2 {[%clk 01:04:54]} {[%emt 00:04:07]} 18. Nxg2 {[%clk
00:40:46]} {[%emt 00:00:15]} b4 {[%clk 01:05:12]} {[%emt 00:00:12]} 19. Nf3
{[%clk 00:36:37]} {[%emt 00:04:39]} Qc6 {[%clk 00:58:48]} {[%emt 00:06:53]} 20.
Ne5 {[%clk 00:35:13]} {[%emt 00:01:55]} Nxe5 {[%clk 00:58:27]} {[%emt
00:00:51]} 21. Bxe5 {[%clk 00:35:20]} {[%emt 00:00:23]} Rb6 {[%clk 00:56:06]}
{[%emt 00:02:51]} 22. Rd6 {[%clk 00:29:20]} {[%emt 00:06:30]} Qb7 {[%clk
00:55:20]} {[%emt 00:01:15]} 23. Rxb6 {[%clk 00:29:30]} {[%emt 00:00:21]} Qxb6
{[%clk 00:55:36]} {[%emt 00:00:14]} 24. Rd1 {[%clk 00:29:10]} {[%emt 00:00:51]}
Rd8 {[%clk 00:55:41]} {[%emt 00:00:24]} 25. Nf4 {[%clk 00:28:16]} {[%emt
00:01:24]} Rxd1+ {[%clk 00:54:44]} {[%emt 00:01:27]} 26. Qxd1 {[%clk 00:28:35]}
{[%emt 00:00:11]} Ne4 {[%clk 00:54:13]} {[%emt 00:01:00]} 27. Bxg7 {[%clk
00:27:30]} {[%emt 00:01:36]} Kxg7 {[%clk 00:54:27]} {[%emt 00:00:16]} 28. f3
{[%clk 00:21:53]} {[%emt 00:06:07]} Nc3 {[%clk 00:54:12]} {[%emt 00:00:45]} 29.
Qd2 {[%clk 00:22:01]} {[%emt 00:00:21]} Qa5 {[%clk 00:52:52]} {[%emt 00:01:52]}
30. Qb2 {[%clk 00:06:56]} {[%emt 00:15:34]} Kg8 {[%clk 00:46:37]} {[%emt
00:06:43]} 1/2-1/2

[Event "ODJM B 2023"]
[Site "Willingen GER"]
[Date "2023.06.02"]
[Round "8"]
[White "Dorendorf, Mika"]
[Black "Bergmann, Lennart"]
[Result "0-1"]
[Termination "normal"]
[Board "11"]
[WhiteElo "1782"]
[BlackElo "1515"]
[WhiteClock "01:01:21"]
[BlackClock "00:21:59"]
[PlyCount "62"]
[WhiteFideId "16283066"]
[BlackFideId "16270657"]
[EventCountry "GER"]
[EventRounds "9"]
[EventType "swiss"]
[EventDate "2023.05.27"]

1. d4 {[%clk 01:30:24]} {[%emt 00:00:36]} Nf6 {[%clk 01:30:04]} {[%emt
00:00:58]} 2. c4 {[%clk 01:30:43]} {[%emt 00:00:10]} d6 {[%clk 01:30:21]}
{[%emt 00:00:11]} 3. Nc3 {[%clk 01:30:46]} {[%emt 00:00:28]} Nbd7 {[%clk
01:30:11]} {[%emt 00:00:40]} 4. h4 {[%clk 01:28:02]} {[%emt 00:03:14]} g6
{[%clk 01:29:02]} {[%emt 00:01:39]} 5. e4 {[%clk 01:27:18]} {[%emt 00:01:14]}
e5 {[%clk 01:29:17]} {[%emt 00:00:16]} 6. d5 {[%clk 01:26:32]} {[%emt
00:01:16]} Nc5 {[%clk 01:29:39]} {[%emt 00:00:08]} 7. f3 {[%clk 01:24:42]}
{[%emt 00:02:20]} a5 {[%clk 01:29:57]} {[%emt 00:00:12]} 8. Be3 {[%clk
01:24:48]} {[%emt 00:00:23]} Nh5 {[%clk 01:25:12]} {[%emt 00:05:16]} 9. g4
{[%clk 01:15:51]} {[%emt 00:09:27]} Ng3 {[%clk 01:24:43]} {[%emt 00:00:58]} 10.
Rh2 {[%clk 01:15:57]} {[%emt 00:00:24]} Be7 {[%clk 01:23:49]} {[%emt 00:01:25]}
11. g5 {[%clk 01:14:51]} {[%emt 00:01:35]} h6 {[%clk 01:22:37]} {[%emt
00:01:43]} 12. Qd2 {[%clk 01:14:54]} {[%emt 00:00:27]} Nxf1 {[%clk 01:19:28]}
{[%emt 00:03:38]} 13. Kxf1 {[%clk 01:15:20]} {[%emt 00:00:05]} hxg5 {[%clk
01:17:03]} {[%emt 00:02:55]} 14. hxg5 {[%clk 01:15:34]} {[%emt 00:00:16]} Rxh2
{[%clk 01:17:20]} {[%emt 00:00:14]} 15. Qxh2 {[%clk 01:15:59]} Bxg5 {[%clk
01:17:29]} {[%emt 00:00:25]} 16. Bxc5 {[%clk 01:16:13]} {[%emt 00:00:16]} dxc5
{[%clk 01:17:33]} {[%emt 00:00:26]} 17. Qh8+ {[%clk 01:16:34]} {[%emt
00:00:07]} Kd7 {[%clk 01:17:10]} {[%emt 00:00:55]} 18. Qxe5 {[%clk 01:16:47]}
{[%emt 00:00:17]} Bf6 {[%clk 00:55:56]} {[%emt 00:21:44]} 19. Qf4 {[%clk
01:16:39]} {[%emt 00:00:38]} Qe7 {[%clk 00:52:48]} {[%emt 00:03:37]} 20. Nb5
{[%clk 01:08:35]} {[%emt 00:08:34]} Be5 {[%clk 00:51:59]} {[%emt 00:01:19]} 21.
Qd2 {[%clk 01:07:12]} {[%emt 00:01:53]} Ra6 {[%clk 00:49:03]} {[%emt 00:03:26]}
22. f4 {[%clk 01:06:06]} {[%emt 00:01:36]} Bxf4 {[%clk 00:46:17]} {[%emt
00:03:16]} 23. Qd3 {[%clk 01:05:55]} {[%emt 00:00:42]} Rf6 {[%clk 00:42:29]}
{[%emt 00:04:17]} 24. Nf3 {[%clk 01:04:40]} {[%emt 00:01:45]} Kd8 {[%clk
00:37:22]} {[%emt 00:05:38]} 25. Rd1 {[%clk 01:03:25]} {[%emt 00:01:45]} Bg4
{[%clk 00:34:35]} {[%emt 00:03:17]} 26. Kg2 {[%clk 01:01:18]} {[%emt 00:02:36]}
Qd7 {[%clk 00:25:23]} {[%emt 00:09:43]} 27. Rh1 {[%clk 01:01:05]} {[%emt
00:00:42]} Bh5 {[%clk 00:25:20]} {[%emt 00:00:34]} 28. Rh4 {[%clk 01:00:14]}
{[%emt 00:01:19]} g5 {[%clk 00:21:45]} {[%emt 00:04:07]} 29. Nxg5 {[%clk
01:00:31]} {[%emt 00:00:13]} Bxg5 {[%clk 00:22:04]} {[%emt 00:00:11]} 30. Rxh5
{[%clk 01:00:54]} {[%emt 00:00:06]} Qg4+ {[%clk 00:22:29]} {[%emt 00:00:05]}
31. Qg3 {[%clk 01:01:21]} {[%emt 00:00:03]} Qe2+ {[%clk 00:21:59]} {[%emt
00:01:00]} 0-1

[Event "ODJM B 2023"]
[Site "Willingen GER"]
[Date "2023.06.02"]
[Round "8"]
[White "Laag, Pascal"]
[Black "Stiehler, Daniel"]
[Result "1/2-1/2"]
[Termination "normal"]
[Board "12"]
[WhiteElo "1642"]
[BlackElo "1493"]
[WhiteClock "00:19:11"]
[BlackClock "00:48:40"]
[PlyCount "53"]
[WhiteFideId "16256069"]
[BlackFideId "34604863"]
[EventCountry "GER"]
[EventRounds "9"]
[EventType "swiss"]
[EventDate "2023.05.27"]

1. e4 {[%emt 0:00:03]} d6 {[%emt 0:00:05]} 2. d4 {[%emt 0:00:05]} g6 {[%emt
0:00:04]} 3. Nc3 {[%emt 0:00:07]} Bg7 {[%emt 0:00:04]} 4. Bc4 {[%emt 0:00:05]}
Nf6 {[%emt 0:00:05]} 5. Qe2 {[%emt 0:00:05]} O-O {[%emt 0:00:06]} 6. e5 {[%emt
0:00:04]} Ne8 {[%emt 0:01:03]} 7. h4 {[%emt 0:06:00]} c6 {[%emt 0:01:37]} 8. h5
{[%emt 0:00:53]} e6 {[%emt 0:05:14]} 9. Nf3 {[%emt 0:06:48]} dxe5 {[%emt
0:01:58]} 10. dxe5 {[%emt 0:01:23]} Nd7 {[%emt 0:05:29]} 11. hxg6 {[%emt
0:07:43]} hxg6 {[%emt 0:00:17]} 12. Bg5 {[%emt 0:01:07]} Qa5 {[%emt 0:02:46]}
13. Qe4 {[%emt 0:04:19]} Nc7 {[%emt 0:04:13]} 14. Be7 {[%emt 0:28:18]} Nxe5
{[%emt 0:10:42]} 15. Bxf8 {[%emt 0:01:22]} Nxf3+ {[%emt 0:00:22]} 16. Qxf3
{[%emt 0:00:25]} Kxf8 {[%emt 0:00:43]} 17. O-O-O {[%emt 0:00:08]} Nd5 {[%emt
0:00:56]} 18. Ne4 {[%emt 0:05:23]} Qb4 {[%emt 0:02:40]} 19. Qb3 {[%emt
0:04:37]} Qa5 {[%emt 0:03:41]} 20. Nd6 {[%emt 0:05:14]} Qc7 {[%emt 0:02:18]}
21. Nxc8 {[%emt 0:00:33]} Rxc8 {[%emt 0:00:23]} 22. g3 {[%emt 0:00:38]} b5
{[%emt 0:01:23]} 23. Bxd5 {[%emt 0:00:45]} cxd5 {[%emt 0:00:24]} 24. Kb1 {[%emt
0:02:06]} Kg8 {[%emt 0:01:22]} 25. c3 {[%emt 0:03:13]} a5 {[%emt 0:02:14]} 26.
Rh4 {[%emt 0:03:32]} Qc5 {[%emt 0:03:57]} 27. Rd2 {[%emt 0:08:18]} 1/2-1/2

[Event "ODJM B 2023"]
[Site "Willingen GER"]
[Date "2023.06.02"]
[Round "8"]
[White "Mainka, Ingmar"]
[Black "Kauth, Lukas Michael"]
[Result "1-0"]
[Termination "normal"]
[Board "13"]
[WhiteElo "1546"]
[BlackElo "1315"]
[WhiteClock "01:11:04"]
[BlackClock "01:08:02"]
[PlyCount "79"]
[WhiteFideId "16254937"]
[BlackFideId "16272994"]
[EventCountry "GER"]
[EventRounds "9"]
[EventType "swiss"]
[EventDate "2023.05.27"]

1. e4 {[%clk 01:30:59]} {[%emt 00:00:01]} c5 {[%clk 01:30:56]} {[%emt
00:00:04]} 2. Nf3 {[%clk 01:31:24]} {[%emt 00:00:05]} d6 {[%clk 01:31:23]}
{[%emt 00:00:03]} 3. d4 {[%clk 01:31:49]} {[%emt 00:00:05]} cxd4 {[%clk
01:31:50]} {[%emt 00:00:04]} 4. Nxd4 {[%clk 01:32:14]} {[%emt 00:00:04]} Nf6
{[%clk 01:32:16]} {[%emt 00:00:03]} 5. Nc3 {[%clk 01:32:40]} {[%emt 00:00:05]}
g6 {[%clk 01:32:43]} {[%emt 00:00:03]} 6. Be3 {[%clk 01:33:02]} {[%emt
00:00:07]} Bg7 {[%clk 01:33:09]} {[%emt 00:00:04]} 7. Bc4 {[%clk 01:33:06]}
{[%emt 00:00:27]} O-O {[%clk 01:33:25]} {[%emt 00:00:13]} 8. f3 {[%clk
01:33:22]} {[%emt 00:00:14]} Nc6 {[%clk 01:33:47]} {[%emt 00:00:08]} 9. Qd2
{[%clk 01:33:30]} {[%emt 00:00:22]} Nxd4 {[%clk 01:34:06]} {[%emt 00:00:12]}
10. Bxd4 {[%clk 01:33:50]} {[%emt 00:00:10]} Be6 {[%clk 01:34:32]} {[%emt
00:00:05]} 11. Bxe6 {[%clk 01:27:14]} {[%emt 00:07:05]} fxe6 {[%clk 01:34:57]}
{[%emt 00:00:04]} 12. O-O {[%clk 01:27:35]} {[%emt 00:00:09]} Qa5 {[%clk
01:32:32]} {[%emt 00:02:55]} 13. Rfd1 {[%clk 01:25:51]} {[%emt 00:02:14]} Nd7
{[%clk 01:28:46]} {[%emt 00:04:17]} 14. Bxg7 {[%clk 01:25:36]} {[%emt
00:00:45]} Kxg7 {[%clk 01:29:11]} {[%emt 00:00:05]} 15. Qd4+ {[%clk 01:24:53]}
{[%emt 00:01:14]} Qe5 {[%clk 01:29:06]} {[%emt 00:00:34]} 16. Nb5 {[%clk
01:20:58]} {[%emt 00:04:25]} Rfc8 {[%clk 01:22:48]} {[%emt 00:06:48]} 17. c3
{[%clk 01:21:13]} {[%emt 00:00:15]} Rc5 {[%clk 01:16:54]} {[%emt 00:06:24]} 18.
Qxe5+ {[%clk 01:21:23]} {[%emt 00:00:20]} Nxe5 {[%clk 01:17:16]} {[%emt
00:00:07]} 19. Nd4 {[%clk 01:21:51]} {[%emt 00:00:03]} Kf7 {[%clk 01:17:22]}
{[%emt 00:00:25]} 20. Rd2 {[%clk 01:21:09]} {[%emt 00:01:11]} Nc6 {[%clk
01:15:48]} {[%emt 00:02:04]} 21. Rad1 {[%clk 01:18:06]} {[%emt 00:03:33]} Nxd4
{[%clk 01:15:45]} {[%emt 00:00:33]} 22. Rxd4 {[%clk 01:18:23]} {[%emt
00:00:13]} Rb5 {[%clk 01:14:23]} {[%emt 00:01:52]} 23. b3 {[%clk 01:18:26]}
{[%emt 00:00:27]} Rc5 {[%clk 01:14:02]} {[%emt 00:00:51]} 24. c4 {[%clk
01:18:48]} {[%emt 00:00:08]} Rac8 {[%clk 01:14:08]} {[%emt 00:00:23]} 25. R1d2
{[%clk 01:18:12]} {[%emt 00:01:06]} a5 {[%clk 01:13:52]} {[%emt 00:00:47]} 26.
Kf2 {[%clk 01:17:37]} {[%emt 00:01:04]} a4 {[%clk 01:14:01]} {[%emt 00:00:22]}
27. Ke3 {[%clk 01:17:28]} {[%emt 00:00:39]} axb3 {[%clk 01:12:25]} {[%emt
00:02:06]} 28. axb3 {[%clk 01:17:52]} {[%emt 00:00:06]} b5 {[%clk 01:12:35]}
{[%emt 00:00:19]} 29. cxb5 {[%clk 01:16:33]} {[%emt 00:01:49]} Rxb5 {[%clk
01:12:46]} {[%emt 00:00:20]} 30. Rb2 {[%clk 01:16:41]} {[%emt 00:00:22]} e5
{[%clk 01:11:08]} {[%emt 00:02:08]} 31. Rd3 {[%clk 01:16:16]} {[%emt 00:00:55]}
Ke6 {[%clk 01:11:16]} {[%emt 00:00:22]} 32. Kd2 {[%clk 01:15:07]} {[%emt
00:01:38]} Kd7 {[%clk 01:10:49]} {[%emt 00:00:57]} 33. Rc3 {[%clk 01:14:59]}
{[%emt 00:00:38]} Rxc3 {[%clk 01:11:07]} {[%emt 00:00:13]} 34. Kxc3 {[%clk
01:15:25]} {[%emt 00:00:03]} Rc5+ {[%clk 01:11:13]} {[%emt 00:00:26]} 35. Kd2
{[%clk 01:14:54]} {[%emt 00:01:00]} Ra5 {[%clk 01:10:21]} {[%emt 00:01:22]} 36.
b4 {[%clk 01:13:32]} {[%emt 00:01:52]} Ra1 {[%clk 01:10:35]} {[%emt 00:00:16]}
37. Kc3 {[%clk 01:13:56]} {[%emt 00:00:06]} Kc6 {[%clk 01:09:22]} {[%emt
00:01:43]} 38. b5+ {[%clk 01:13:37]} {[%emt 00:00:49]} Kc5 {[%clk 01:09:01]}
{[%emt 00:00:51]} 39. b6 {[%clk 01:12:07]} {[%emt 00:02:00]} Rc1+ {[%clk
01:08:02]} {[%emt 00:01:30]} 40. Kd3 {[%clk 01:11:04]} 1-0

[Event "ODJM B 2023"]
[Site "Willingen GER"]
[Date "2023.06.02"]
[Round "8"]
[White "Kratz, Alexander"]
[Black "Link, Moritz"]
[Result "1-0"]
[Termination "normal"]
[Board "14"]
[WhiteElo "1773"]
[BlackElo "1589"]
[WhiteClock "00:29:03"]
[BlackClock "00:12:30"]
[PlyCount "125"]
[WhiteFideId "16228529"]
[BlackFideId "34605924"]
[EventCountry "GER"]
[EventRounds "9"]
[EventType "swiss"]
[EventDate "2023.05.27"]

1. Nf3 {[%clk 01:30:57]} {[%emt 00:00:02]} Nf6 {[%clk 01:30:55]} {[%emt
00:00:06]} 2. g3 {[%clk 01:31:22]} {[%emt 00:00:05]} b5 {[%clk 01:31:20]}
{[%emt 00:00:05]} 3. Bg2 {[%clk 01:30:44]} {[%emt 00:01:08]} Bb7 {[%clk
01:31:45]} {[%emt 00:00:06]} 4. O-O {[%clk 01:29:51]} {[%emt 00:01:22]} e6
{[%clk 01:32:08]} {[%emt 00:00:07]} 5. a4 {[%clk 01:22:33]} {[%emt 00:07:48]}
b4 {[%clk 01:31:32]} {[%emt 00:01:06]} 6. d4 {[%clk 01:17:47]} {[%emt
00:05:17]} d5 {[%clk 01:28:49]} {[%emt 00:03:12]} 7. c3 {[%clk 01:14:27]}
{[%emt 00:03:50]} c5 {[%clk 01:27:38]} {[%emt 00:01:41]} 8. cxb4 {[%clk
01:00:14]} {[%emt 00:14:44]} cxb4 {[%clk 01:27:51]} {[%emt 00:00:16]} 9. Nbd2
{[%clk 00:59:27]} {[%emt 00:01:17]} Be7 {[%clk 01:26:45]} {[%emt 00:01:35]} 10.
Nb3 {[%clk 00:58:17]} {[%emt 00:01:41]} Nc6 {[%clk 01:24:51]} {[%emt 00:02:25]}
11. a5 {[%clk 00:47:41]} {[%emt 00:11:06]} Ba6 {[%clk 01:23:43]} {[%emt
00:01:37]} 12. Re1 {[%clk 00:45:58]} {[%emt 00:02:13]} O-O {[%clk 01:22:37]}
{[%emt 00:01:36]} 13. Nfd2 {[%clk 00:46:05]} {[%emt 00:00:23]} Rb8 {[%clk
01:18:19]} {[%emt 00:04:48]} 14. e4 {[%clk 00:44:14]} {[%emt 00:02:21]} Rb5
{[%clk 01:11:04]} {[%emt 00:07:45]} 15. Bf1 {[%clk 00:41:06]} {[%emt 00:03:38]}
dxe4 {[%clk 01:05:13]} {[%emt 00:06:21]} 16. Bxb5 {[%clk 00:38:36]} {[%emt
00:03:00]} Bxb5 {[%clk 01:05:41]} {[%emt 00:00:02]} 17. Nxe4 {[%emt 00:03:21]}
Qd5 {[%clk 01:03:21]} 18. Nec5 {[%clk 00:31:37]} {[%emt 00:07:28]} Rd8 {[%clk
00:54:43]} {[%emt 00:09:08]} 19. Be3 {[%clk 00:30:13]} {[%emt 00:01:54]} Nb8
{[%clk 00:50:52]} {[%emt 00:04:21]} 20. f3 {[%clk 00:27:48]} {[%emt 00:02:55]}
Bc6 {[%clk 00:48:14]} {[%emt 00:03:09]} 21. Rf1 {[%clk 00:18:02]} {[%emt
00:10:16]} g5 {[%clk 00:46:42]} {[%emt 00:02:02]} 22. Qc2 {[%clk 00:15:03]}
{[%emt 00:03:28]} g4 {[%clk 00:41:24]} {[%emt 00:05:48]} 23. Nd2 {[%clk
00:13:18]} {[%emt 00:02:16]} Qh5 {[%clk 00:36:25]} {[%emt 00:05:29]} 24. Nce4
{[%clk 00:11:42]} {[%emt 00:02:06]} gxf3 {[%clk 00:35:12]} {[%emt 00:01:43]}
25. Nxf6+ {[%clk 00:11:41]} {[%emt 00:00:30]} Bxf6 {[%clk 00:35:40]} {[%emt
00:00:03]} 26. Ne4 {[%clk 00:11:34]} {[%emt 00:00:36]} Bg7 {[%clk 00:25:13]}
{[%emt 00:10:57]} 27. Rf2 {[%clk 00:11:11]} {[%emt 00:00:53]} Rxd4 {[%clk
00:21:57]} {[%emt 00:03:46]} 28. Bxd4 {[%clk 00:08:52]} {[%emt 00:02:48]} Bxd4
{[%clk 00:22:25]} {[%emt 00:00:02]} 29. Qd2 {[%clk 00:09:12]} {[%emt 00:00:10]}
Bxf2+ {[%clk 00:15:33]} {[%emt 00:07:23]} 30. Nxf2 {[%clk 00:09:41]} {[%emt
00:00:01]} Bd5 {[%clk 00:15:19]} {[%emt 00:00:45]} 31. Qxb4 {[%clk 00:09:28]}
{[%emt 00:00:42]} Nc6 {[%clk 00:15:48]} {[%emt 00:00:02]} 32. Qg4+ {[%clk
00:08:58]} {[%emt 00:00:59]} Qg6 {[%clk 00:15:48]} {[%emt 00:00:30]} 33. Qxg6+
{[%clk 00:08:46]} {[%emt 00:00:43]} fxg6 {[%clk 00:16:17]} 34. Ng4 {[%clk
00:09:05]} {[%emt 00:00:11]} Kf7 {[%clk 00:15:20]} {[%emt 00:01:28]} 35. Kf2
{[%clk 00:09:15]} {[%emt 00:00:18]} e5 {[%clk 00:11:19]} {[%emt 00:04:31]} 36.
Ne3 {[%clk 00:04:46]} {[%emt 00:05:01]} Be4 {[%clk 00:11:20]} {[%emt 00:00:28]}
37. Nc4 {[%clk 00:05:07]} {[%emt 00:00:08]} Ke6 {[%clk 00:11:17]} {[%emt
00:00:33]} 38. Ke3 {[%clk 00:05:03]} {[%emt 00:00:35]} Bd5 {[%clk 00:11:18]}
{[%emt 00:00:29]} 39. Nd2 {[%clk 00:04:57]} {[%emt 00:00:36]} Nd4 {[%clk
00:09:35]} {[%emt 00:02:13]} 40. Rc1 {[%clk 00:04:45]} {[%emt 00:00:42]} Bc6
{[%clk 00:09:24]} {[%emt 00:00:41]} 41. Rf1 {[%clk 00:03:18]} {[%emt 00:01:57]}
Nf5+ {[%clk 00:07:49]} {[%emt 00:02:04]} 42. Kf2 {[%clk 00:02:01]} {[%emt
00:01:47]} e4 {[%clk 00:08:11]} {[%emt 00:00:09]} 43. Re1 {[%clk 00:01:20]}
{[%emt 00:01:11]} e3+ {[%clk 00:28:28]} {[%emt 00:10:13]} 44. Rxe3+ {[%clk
00:31:05]} {[%emt 00:00:45]} Nxe3 {[%clk 00:28:57]} {[%emt 00:00:01]} 45. Kxe3
{[%clk 00:31:24]} {[%emt 00:00:10]} Kd6 {[%clk 00:29:03]} {[%emt 00:00:25]} 46.
Nxf3 {[%clk 00:30:39]} {[%emt 00:01:15]} Bxf3 {[%clk 00:26:39]} {[%emt
00:02:54]} 47. Kxf3 {[%clk 00:31:02]} {[%emt 00:00:07]} Kc5 {[%clk 00:11:33]}
{[%emt 00:15:37]} 48. Kg4 {[%clk 00:26:34]} {[%emt 00:04:58]} h6 {[%clk
00:11:54]} {[%emt 00:00:09]} 49. h4 {[%clk 00:26:59]} {[%emt 00:00:04]} Kb5
{[%clk 00:09:24]} {[%emt 00:03:01]} 50. h5 {[%clk 00:27:16]} {[%emt 00:00:12]}
gxh5+ {[%clk 00:09:23]} {[%emt 00:00:32]} 51. Kxh5 {[%clk 00:27:44]} {[%emt
00:00:02]} Kxa5 {[%clk 00:09:45]} {[%emt 00:00:08]} 52. Kxh6 {[%clk 00:28:04]}
{[%emt 00:00:10]} Kb4 {[%clk 00:10:15]} 53. g4 {[%clk 00:28:23]} {[%emt
00:00:11]} a5 {[%clk 00:10:32]} {[%emt 00:00:14]} 54. g5 {[%clk 00:28:43]}
{[%emt 00:00:09]} Kb3 {[%clk 00:10:59]} {[%emt 00:00:02]} 55. g6 {[%clk
00:29:08]} {[%emt 00:00:05]} Kxb2 {[%clk 00:11:24]} {[%emt 00:00:06]} 56. g7
{[%clk 00:29:25]} {[%emt 00:00:13]} a4 {[%clk 00:11:41]} {[%emt 00:00:12]} 57.
g8=Q {[%clk 00:28:49]} {[%emt 00:01:06]} a3 {[%clk 00:12:04]} {[%emt 00:00:07]}
58. Qg2+ {[%clk 00:28:46]} {[%emt 00:00:33]} Kb1 {[%clk 00:11:51]} {[%emt
00:00:43]} 59. Qf1+ {[%clk 00:29:08]} {[%emt 00:00:08]} Kb2 {[%clk 00:11:57]}
{[%emt 00:00:25]} 60. Qe2+ {[%clk 00:29:20]} {[%emt 00:00:18]} Kb1 {[%clk
00:12:11]} {[%emt 00:00:15]} 61. Qe1+ {[%clk 00:28:45]} {[%emt 00:01:06]} Kb2
{[%clk 00:12:28]} {[%emt 00:00:13]} 62. Qb4+ {[%clk 00:28:54]} {[%emt
00:00:20]} Ka2 {[%clk 00:12:30]} {[%emt 00:00:29]} 63. Qc3 {[%clk 00:29:03]}
{[%emt 00:00:20]} 1-0